000 00329 a2200157 4500
001 180217
020 _a
040 _cMagnum
100 _aMachado, Ana Maria
240 1 0 _aQuem perde ganha
_lpor
245 1 0 _aQuem perde ganha
362 0 _a1899
440 1 _aNova Fronteira
697 _aMAGNITO: IJ/CONTOS
942 _cBK
999 _c180217
_d180217